|
|
|
|
| LEADER |
00000ckm a2200000 a 4500 |
| 001 |
vtls001204060 |
| 003 |
SK-MaSNL |
| 005 |
20260331202710.0 |
| 007 |
kf co |
| 008 |
180703s1989 xo g 0kuslo |
| 015 |
|
|
|a SNBG1989
|
| 035 |
|
|
|a SNK000147130
|
| 040 |
|
|
|a SNK
|b slo
|c SNK
|e AACR2
|
| 041 |
0 |
|
|a slo
|
| 043 |
|
|
|a e-xo---
|
| 044 |
|
|
|a xo
|c SK
|
| 072 |
|
7 |
|a 913
|x Regionálna geografia
|2 konspekt
|
| 080 |
|
|
|a 913(437.6)
|2 2011
|
| 080 |
|
|
|a (084.121)
|2 2011
|
| 100 |
1 |
|
|a Paul, P.
|c (fotograf)
|4 pht
|9 60489
|
| 245 |
1 |
0 |
|a Brezno
|h grafika
|b celkový pohľad na mesto : krytá plaváreň : námestie : Minigolf pri Športhoteli
|c foto: P. Paul ; výtvarný návrh: J. Malý
|
| 246 |
1 |
|
|i Názov na obrazovej časti:
|a Brezno
|
| 260 |
|
|
|a Bratislava
|b ČSTK-Pressfoto
|c 1989
|e Skalica
|f Grafobal
|
| 300 |
|
|
|a 1 pohľadnica (5 čiastkových pohľadov)
|b farebná
|c 15 x 11 cm
|
| 520 |
8 |
|
|a Zobrazenie:
|
| 651 |
|
7 |
|a Brezno (Slovensko)
|2 SNKPHgeo
|9 31403
|
| 655 |
|
7 |
|a miestne pohľadnice
|2 SNKPH
|9 70510
|
| 700 |
1 |
|
|a Malý, J.
|c (grafik)
|4 art
|9 290640
|
| 958 |
|
|
|a GBN
|
| 958 |
|
|
|a GC
|
| 958 |
|
|
|a OND
|
| 999 |
|
|
|c 1032239
|d 1034169
|
| 952 |
|
|
|a SNK
|b SNK
|y PREZ
|7 0
|p 17A1282079
|o snkSP 141102
|i snk1525/89
|0 0
|1 0
|4 0
|d 2021-08-20
|l 0
|r 2026-02-24 13:58:14
|w 2026-02-24
|
| 952 |
|
|
|a SNK
|b SNK
|y PREZ
|7 0
|p 17A1282078
|o snkSP 141102 D1
|i snk1526/89
|0 0
|1 0
|4 0
|d 2021-08-20
|l 0
|r 2026-02-24 13:58:14
|w 2026-02-24
|